Công nghệ 6 Kinh tế gia đình

Сохранить в:
Библиографические подробности
Главный автор: Nguyễn, Minh Đường
Другие авторы: Nguyễn, Thị Hạnh
Формат:
Язык:Undetermined
Опубликовано: H. Giáo dục 2009
Предметы:
Online-ссылка:http://lrc.tdmu.edu.vn/opac/search/detail.asp?aID=2&ID=4657
Метки: Добавить метку
Нет меток, Требуется 1-ая метка записи!
Thư viện lưu trữ: Trung tâm Học liệu Trường Đại học Thủ Dầu Một
LEADER 00705nam a2200217Ia 4500
001 TDMU_4657
008 210410s9999 xx 000 0 und d
082 |a 373.23635 
090 |b NG525 
100 |a Nguyễn, Minh Đường 
245 0 |a Công nghệ 6 
245 0 |b Kinh tế gia đình 
245 0 |c Nguyễn Minh Đường 
260 |a H. 
260 |b Giáo dục 
260 |c 2009 
300 |a 136tr 
650 |a Sách lớp 6; Kinh tế gia đình  |x Giảng dạy và học tập 
700 |a Nguyễn, Thị Hạnh 
856 |u http://lrc.tdmu.edu.vn/opac/search/detail.asp?aID=2&ID=4657 
980 |a Trung tâm Học liệu Trường Đại học Thủ Dầu Một